00857nam a2200253 i 450000500170000000800410001702000380005804000250009608200170012109000210013810000560015924500610021526400600027630000240033633600210036033600290038133700250041033800230043550000640045850400350052265000160055794200110057399900190058420260413124231.0260413s2025 my gr 000 0 may d a9789672107927qpaperbackcRM29.00 aPPAKbengcPPAKerda04a658.409222300a658.4092bMOHdG0 aMohammad Qayyum A. Badaruddin,cMejar (B),eauthor.10aSENI MEMIMPIN /cMejar (B) Mohammad Qayyum A. Badaruddin 1aKajang, Selangor :bCASAMAS RESOURCES SDN BHD,c[2025?] a162 pages ;c18 cm  atext2rdacontent astill image 2rdacontent aunmediated2rdamedia avolume2rdacarrier aContains verses from the Qur'an and quotes from the Hadith. aBibliography: pages [161]-162.10aLeadership  2ddccB c203821d203821